00927cam a2200253 a 4500999001700000001000800017005001700025008004100042010001700083020001500100040001800115043001200133050002900145100001900174245007100193246002300264250001200287260004400299300004100343504006000384650005900444942004100503952012900544 c17932d17932357235420161130094024.0981215s1999 kyua b 001 0 eng  a 98231706  a1574320378 aDLCcDLCdDLC an-us-ca00aNK4025 b .C22S684 19991 aChipman, Jack.10aCollector's encyclopedia of California pottery /cby Jack Chipman.30aCalifornia pottery a2nd ed. aPaducah, KY :bCollector Books,cc1999. a327 p. :bill. (some col.) ;c29 cm. aIncludes bibliographical references (p. 325) and index. 0aPottery, AmericanzCalifornia, Southerny20th century. 2lcccBOOKShREF NK4025 .C22S684 1999 00102lcc4070aMUCbMUCcGENd2016-11-30eDonation(BFA)l0oREF NK4025 .C22S684 1999p28215r2016-11-30w2016-11-30yBOOKS